000 00237nam a2200109Ia 4500
100 _a#N/A
942 _cBK
654 _anet access
245 _aPC Essentials Manage your company's Net Access
260 _b#N/A
_c2004
546 _aENGLISH
999 _c31499
_d31499